Sudáfrica : (Record no. 65388)

MARC details
000 -LEADER
campo de control de longitud fija 00943nam a2200277 i 4500
001 - NÚMERO DE CONTROL
campo de control 65388
003 - IDENTIFICADOR DE NÚMERO DE CONTROL
campo de control ES-MaACL
005 - FECHA Y HORA DE LA ÚLTIMA TRANSACCIÓN
campo de control 20230906165347.0
007 - CAMPO FIJO DE DESCRIPCIÓN FÍSICA--INFORMACIÓN GENERAL
campo de control de longitud fija t|
008 - DATOS DE LONGITUD FIJA--INFORMACIÓN GENERAL
campo de control de longitud fija 040112s1967 sp ||||1| spa d
080 ## - NÚMERO DE LA CLASIFICACIÓN DECIMAL UNIVERSAL
Número de la Clasificación Decimal Universal 323.118(680)
080 ## - NÚMERO DE LA CLASIFICACIÓN DECIMAL UNIVERSAL
Número de la Clasificación Decimal Universal 32(680)"1961/78"
100 1# - ENTRADA PRINCIPAL--NOMBRE DE PERSONA
Nombre de persona Francos, Ania.
9 (RLIN) 52285
245 10 - MENCIÓN DEL TÍTULO
Título Sudáfrica :
Resto del título nazismo y apartheid /
Mención de responsabilidad, etc. Ania Francos ; [traducción de Mª Teresa Lorés ; apéndices de Santi Soler e Ignasi Vidal].
260 ## - PUBLICACIÓN, DISTRIBUCIÓN, ETC.
Lugar de publicación, distribución, etc. Barcelona :
Nombre del editor, distribuidor, etc. Edima,
Fecha de publicación, distribución, etc. 1967.
300 ## - DESCRIPCIÓN FÍSICA
Extensión 320 p., [16] p. de lám. :
Otras características físicas il. ;
Dimensiones 21 cm.
490 1# - MENCIÓN DE SERIE
Mención de serie Historia inmediata
650 #4 - PUNTO DE ACCESO ADICIONAL DE MATERIA--TÉRMINO DE MATERIA
Término de materia o nombre geográfico como elemento de entrada Discriminación racial-
Subdivisión geográfica Sudáfrica.
9 (RLIN) 11936
651 #4 - PUNTO DE ACCESO ADICIONAL DE MATERIA--NOMBRE GEOGRÁFICO
Nombre geográfico Sudáfrica-
Subdivisión general Política y gobierno-
Subdivisión cronológica 1961-1978.
9 (RLIN) 172918
700 1# - ENTRADA AGREGADA--NOMBRE PERSONAL
Nombre de persona Lorés, María Teresa.
9 (RLIN) 74201
700 1# - ENTRADA AGREGADA--NOMBRE PERSONAL
Nombre de persona Soler, Santi.
9 (RLIN) 107162
700 1# - ENTRADA AGREGADA--NOMBRE PERSONAL
Nombre de persona Vidal, Ignacio.
9 (RLIN) 114432
830 1# - PUNTO DE ACCESO ADICIONAL DE SERIE-TÍTULO UNIFORME
Título uniforme Historia inmediata
9 (RLIN) 177697
852 ## - LOCALIZACIÓN
Ubicación ES-MaACL
Número de control de estantería C-32307
Holdings
Estatus retirado Estado de pérdida Estado de daño No para préstamo Biblioteca de origen Biblioteca actual Ubicación en estantería Fecha de adquisición Fuente de adquisición Total de préstamos Signatura topográfica completa Código de barras Visto por última vez Precio de reemplazo Tipo de ítem Koha
        Biblioteca del Ateneo de Madrid Biblioteca del Ateneo de Madrid Depósito 2 17/01/2008     C-32307 1068508 23/02/2023 23/02/2023 Libro impreso